000 00454nam a2200181Ia 4500
008 230718s9999 xx 000 0 und d
020 _a9788126541904
041 _aeng
082 _a621.3813
_bPOZ
100 _aPozar D.M.
245 _aMicrowave Engineering
250 _a4th ed.
260 _c2014
_bWiley
300 _a732
365 _cRs.
_b619.00
700 _aPozar D.M.
906 _dO:0462601-Sep-2015B:SE/SI/200006-Jul-2015
_cETC
_b346.64
999 _c340235
_d340235